| 000 | 00529nam a2200181 a 4500 | ||
|---|---|---|---|
| 005 | 20140311163024.0 | ||
| 008 | 080107s19uu xx 00 eng d | ||
| 020 | _a9780073528458 | ||
| 050 |
_aHF 5387 _b.B8667 2008 |
||
| 245 |
_aBusiness ethics / _cJohn E.Richardson- editor |
||
| 250 | _a19th ed. | ||
| 260 |
_aDubuque, IA : _bMcGraw-Hill Contemporary Learing Series, _c2008. |
||
| 300 |
_a207 p. : _bill. ; _c26 cm. |
||
| 521 | _aBSBA | ||
| 650 |
_aBusiness ethics _xPeriodicals. |
||
| 942 |
_cBK _2lcc _kFOR |
||
| 999 |
_c39507 _d39507 |
||